000 01002nam a2200241 i 4500
003 CSPC
005 20250314084434.0
008 250312s2021 nyua b 001 0 eng d
020 _a9781984647993
040 _cCSPC
_aCSPC
_beng
_erda
082 0 0 _a709.02
_bC738
245 0 2 _aA companion to medieval art.
264 1 _aNew York :
_b3G E-Learning,
_c2021.
300 _axiv, 295 pages :
_bcolor illustrations ;
_c26 cm.
336 _atext
_2rdacontent
337 _aunmediated
_2rdamedia
338 _avolume
_2rdacarrier
504 _aIncludes bibliographical references and index.
505 0 _aIntroduction to medieval art -- Artifex and opifex- the medieval artist - Narratology for medieval art -- Gender and medieval art -- Romanesque art -- Gothic art -- Architectural layout and modern medieval museum.
650 0 _aArt, Medieval.
942 _2ddc
_n0
_cBK
_h709.02
_iC738
_kCIR
_m2021
999 _c29153
_d29153